00566nam a22001937a 450000500170000001000130001703500130003003700160004304000120005908200180007124501150008925000120020426000260021627000410024230000340028350000190031765000140033665000220035020170124110256.0 aB-045714 aB-045714 bCen Lib/Ret aDPLbEN a616.9883bMAN aManson's tropical diseases :cedited by Sir Philip H. Manson-Bahrba manual of the diseases of warm climates / a15th ed aLondonbCassellc1960 a35 red lion squre, london WCbLondon axiv, 1177p. :c22cm(Hb)bill. aIncludes index aDiseases  aTropical medicine